Statystyki dla Wszystkie państwa wg. najbardziej na północ wysuniętego pkt.

Kliknij tutaj aby rozwiązać quiz!

Ogólne statystyki

  • Ten quiz został rozwiązany 39 razy
  • Średni wynik to 25 z 196

Odpowiedzi na mapie

Odpowiedzi skodowane kolorowo w zielono-czerwonej skali na mapie do tego quizu, zgodnie z poniższymi procentami.
 

Statystyki odpowiedzi

PunktPaństwo% Poprawnych
83°06'NKanada
100%
81°51'NRosja
93%
80°49'NNorwegia
83%
71°23'NStany Zjednoczone
73%
70°05'NFinlandia
63%
67°08'NIslandia
63%
69°04'NSzwecja
63%
60°51'NWielka Brytania
63%
59°48'NEstonia
53%
58°05'NŁotwa
53%
56°08'NBiałoruś
50%
57°45'NDania
50%
56°27'NLitwa
50%
53°34'NChiny
40%
55°03'NNiemcy
40%
54°50'NPolska
40%
53°32'NHolandia
37%
55°26'NIrlandia
37%
55°43'NKazachstan
37%
52º22'NUkraina
37%
51°30'NBelgia
33%
51°02'NCzechy
33%
51°05'NFrancja
33%
50°11'NLuksemburg
33%
52º09'NMongolia
33%
49°36'NSłowacja
33%
49°01'NAustria
30%
48°35'NWęgry
30%
45°16'NBośnia i Hercegowina
27%
44°13'NBułgaria
27%
46°33'NChorwacja
27%
45°31'NJaponia
27%
47°14'NLiechtenstein
27%
48°28'NMołdawia
27%
48°15'NRumunia
27%
43°59'NSan Marino
27%
46°11'NSerbia
27%
46°52'NSłowenia
27%
47°48'NSzwajcaria
27%
45°36'NUzbekistan
27%
47°05'NWłochy
27%
43º47'NHiszpania
23%
43°32'NCzarnogóra
20%
43°35'NGruzja
20%
43°16'NKirgistan
20%
43°00'NKorea Północna
20%
43°14'NKosowo
20%
32°43'NMeksyk
20%
43°45'NMonako
20%
42°50'NTurkmenistan
20%
38°22'NAfganistan
17%
42°30'NAlbania
17%
37°05'NAlgieria
17%
32°14'NArabia Saudyjska
17%
41°17'NArmenia
17%
41°53'NAzerbejdżan
17%
35°42'NCypr
17%
31°36'NEgipt
17%
41°43'NGrecja
17%
35°30'NIndie
17%
37°23'NIrak
17%
39°47'NIran
17%
33°17'NIzrael
17%
33°22'NJordania
17%
38°36'NKorea Południowa
17%
34°43'NLiban
17%
33°10'NLibia
17%
42°21'NMacedonia Północna
17%
36°05'NMalta
17%
35°55'NMaroko
17%
37°06'NPakistan
17%
42°07'NPortugalia
17%
37°19'NSyria
17%
37°31'NTunezja
17%
42°06'NTurcja
17%
41°54'NWatykan
17%
42°39'NAndora
13%
30°26'NNepal
13%
41°02'NTadżykistan
13%
27°16'NBahamy
10%
28°20'NBhutan
10%
30°06'NKuwejt
10%
28°32'NMjanma
10%
26°38'NBangladesz
7%
21°48'SArgentyna
3%
09°16'SAustralia
3%
17°19'SChile
3%
25°44'SEswatini
3%
18°31'NJamajka
3%
28°34'SLesotho
3%
29°13'SNowa Zelandia
3%
00°52'SPapua-Nowa Gwinea
3%
22°20'SRepublika Południowej Afryki
3%
01°03'SRwanda
3%
30°05'SUrugwaj
3%
04°24'SAngola
0%
17°44'NAntigua i Barbuda
0%
26°17'NBahrajn
0%
13°20'NBarbados
0%
18°29'NBelize
0%
12°25'NBenin
0%
09°40'SBoliwia
0%
17°46'SBotswana
0%
05°15'NBrazylia
0%
05°04'NBrunei
0%
15°05'NBurkina Faso
0%
02°18'SBurundi
0%
23°26'NCzad
0%
05°22'NDemokratyczna
Republika Konga
0%
15°38'NDominika
0%
19°55'NDominikana
0%
12°43'NDżibuti
0%
01°41'NEkwador
0%
18°00'NErytrea
0%
14°53'NEtiopia
0%
12°30'SFidżi
0%
21°07'NFilipiny
0%
02°19'NGabon
0%
13°49'NGambia
0%
11°10'NGhana
0%
12°31'NGrenada
0%
08°24'NGujana
0%
17°49'NGwatemala
0%
12°41'NGwinea
0%
12°41'NGwinea Bissau
0%
03°47'NGwinea Równikowa
0%
20°04'NHaiti
0%
17°25′NHonduras
0%
06°04'NIndonezja
0%
18°59'NJemen
0%
14°30'NKambodża
0%
13°05'NKamerun
0%
26°09'NKatar
0%
05°35'NKenia
0%
03°23'NKiribati
0%
15°50'NKolumbia
0%
11°22'SKomory
0%
03°43'NKongo
0%
11º13'NKostaryka
0%
23°16'NKuba
0%
22°29'NLaos
0%
08°33'NLiberia
0%
11°57'SMadagaskar
0%
09°22'SMalawi
0%
07°07'NMalediwy
0%
07°15'NMalezja
0%
25°00'NMali
0%
27°19'NMauretania
0%
10°25'SMauritius
0%
10°05'NMikronezja
0%
10°27'SMozambik
0%
16°56'SNamibia
0%
00°30'SNauru
0%
23°31'NNiger
0%
13°50'NNigeria
0%
15°01'NNikaragua
0%
26°30'NOman
0%
08°10'NPalau
0%
09°38'NPanama
0%
19°17'SParagwaj
0%
00°01'SPeru
0%
11°01'NRepublika
Środkowoafrykańska
0%
17°12'NRepublika
Zielonego Przylądka
0%
17°26'NSaint Kitts i Nevis
0%
14°07'NSaint Lucia
0%
13°22'NSaint Vincent i Grenadyny
0%
14°26'NSalwador
0%
13°25'SSamoa
0%
16°41'NSenegal
0%
03°43'SSeszele
0%
09°59'NSierra Leone
0%
01°28'NSingapur
0%
11°59'NSomalia
0%
09°30'NSri Lanka
0%
22°12'NSudan
0%
12°14'NSudan Południowy
0%
06°01'NSurinam
0%
20°27'NTajlandia
0%
26°23'NTajwan
0%
00°59'STanzania
0%
08°19'STimor Wschodni
0%
11°08'NTogo
0%
15°36'STonga
0%
11º21'NTrynidad i Tobago
0%
05°39'STuvalu
0%
04°14'NUganda
0%
13°07'SVanuatu
0%
15º40'NWenezuela
0%
23°22'NWietnam
0%
10°44'NWybrzeże Kości Słoniowej
0%
14°32'NWyspy Marshalla
0%
05°13'SWyspy Salomona
0%
01°42'NWyspy Świętego
Tomasza i Książeca
0%
08°14'SZambia
0%
15°37'SZimbabwe
0%
26°05'NZjednoczone
Emiraty Arabskie
0%

Rozkład punktacji

Percentyl według liczby udzielonych odpowiedzi

Procent ludzi z każdym wynikiem

Twoja historia wyników

Nie rozwiązałeś tego quizu